|
|
|
|
| LEADER |
01563nam a2200349 a 4500 |
| 001 |
45409 |
| 003 |
BD-DhAAL |
| 005 |
20260405104727.0 |
| 008 |
260405t2011 ii 000 1 eng |
| 010 |
|
|
|a 99063596
|
| 020 |
|
|
|a 9781846687372
|
| 020 |
|
|
|a 9781852427252
|
| 020 |
|
|
|a 1852427256
|
| 035 |
|
|
|a 203880
|
| 040 |
|
|
|a DLC
|c DLC
|d DLC
|d BD-DhAAL
|
| 041 |
1 |
|
|a eng
|h ger
|
| 050 |
0 |
0 |
|a PT2670.E46
|b K513 1999
|
| 082 |
0 |
0 |
|a 833.914
|2 21
|
| 100 |
1 |
|
|a Jelinek, Elfriede,
|d 1946-
|9 60411
|
| 240 |
1 |
0 |
|a Klavierspielerin.
|l English
|
| 245 |
1 |
4 |
|a The piano teacher /
|c Elfriede Jelinek ; translated by Joachim Neugroschel ; introduced by Razia Iqbal.
|
| 250 |
|
|
|a First South Asian edition.
|
| 260 |
|
|
|a London ;
|a India :
|b Serpent's Tail ;
|b Nutech Photolithographers,
|c 2011.
|
| 300 |
|
|
|a 280 pages ;
|c 20 cm
|
| 500 |
|
|
|a Originally published: New York : Weidenfeld & Nicolson, 1988.
|
| 541 |
|
|
|a Donated by Farhana Zahir, Assistant Professor, BRAC Business School, BRAC University
|e 45409
|
| 546 |
|
|
|a Translated from the German.
|
| 700 |
1 |
|
|a Neugroschel, Joachim.
|9 60412
|
| 700 |
1 |
|
|a Iqbal, Razia.
|9 60413
|
| 942 |
|
|
|2 ddc
|c BK
|
| 999 |
|
|
|c 47764
|d 47764
|
| 952 |
|
|
|0 0
|1 0
|2 ddc
|4 0
|6 833_914000000000000_JEL
|7 0
|9 78896
|a BRACUL
|b BRACUL
|c NEW
|d 2026-04-05
|e Donated by Farhana Zahir, Assistant Professor, BRAC Business School, BRAC University
|l 2
|m 2
|o 833.914 JEL
|p 3010045409
|q 2026-05-20
|r 2026-04-25
|s 2026-04-25
|t 1
|w 2026-04-05
|y BK
|x Donated copy received from Farhana Zahir, Assistant Professor, BRAC Business School, BRAC University on 17 February 2026; Rs. 395.00
|